Lidský potenciál v podmínkach přestavby
Na minha lista:
| Autor principal: | |
|---|---|
| Outros Autores: | |
| Formato: | Livro |
| Idioma: | tcheco |
| Publicado em: |
Praha
Svoboda
1989
|
| Edição: | 1. vyd. |
| Tags: |
Sem tags, seja o primeiro a adicionar uma tag!
|
MARC
| LEADER | 00000nam a2200000 4500 | ||
|---|---|---|---|
| 001 | c028008 | ||
| 005 | 20230105083733.4 | ||
| 041 | 0 | |a cze | |
| 044 | |a CZ | ||
| 245 | 1 | 0 | |a Lidský potenciál v podmínkach přestavby |c Lenka Kalinová, Václav Sova |
| 250 | |a 1. vyd. | ||
| 264 | 1 | |a Praha |b Svoboda |c 1989 | |
| 300 | |a 244 s. | ||
| 100 | 1 | |a Kalinová, Lenka | |
| 700 | 1 | |a Sova, Václav | |